Obras de Ricardo Levene / (Registro nro. 13154)

Detalles MARC
000 -LEADER
fixed length control field 00734nam a22001937a 4500
003 - CONTROL NUMBER IDENTIFIER
control field DO-SdBNP
005 - DATE AND TIME OF LATEST TRANSACTION
control field 20171128104626.0
008 - FIXED-LENGTH DATA ELEMENTS--GENERAL INFORMATION
fixed length control field 171128b 1962 ag || |||| 00| 0 spa d
040 ## - CATALOGING SOURCE
Original cataloging agency BPMSU
Language of cataloging spa
Transcribing agency BPMSU
100 ## - MAIN ENTRY--PERSONAL NAME
Personal name Levene, Ricardo,
Dates associated with a name 1885-1959.
245 ## - TITLE STATEMENT
Title Obras de Ricardo Levene /
Statement of responsibility, etc. Ricardo Levene
260 ## - PUBLICATION, DISTRIBUTION, ETC. (IMPRINT)
Place of publication, distribution, etc. Buenos Aires :
Name of publisher, distributor, etc. Academia Nacional de la Historia
Date of publication, distribution, etc. 1962
300 ## - PHYSICAL DESCRIPTION
Extent 541 p. ;
Dimensions 24 cm.
490 ## - SERIES STATEMENT
Series statement Publicación de la Comisión de Nacional Ejecutiva del 150 aniversario de la revolución de m
505 ## - FORMATTED CONTENTS NOTE
Formatted contents note V. 2 :
Title Investigaciones acerca de la historia económica del virreinato del Plata
942 ## - ADDED ENTRY ELEMENTS (KOHA)
Source of classification or shelving scheme Dewey Decimal Classification
Koha item type Libros
945 ## - LOCAL PROCESSING INFORMATION (OCLC)
a Inventariado extranjero / 2017 VM
956 ## - LOCAL ELECTRONIC LOCATION AND ACCESS (OCLC)
Host name VMATEO
Access number 10
Compression information 20171128
Path BPMUSU
Electronic name 0069
Existencias
Withdrawn status Lost status Source of classification or shelving scheme Damaged status Not for loan Collection code Home library Current library Date acquired Total Checkouts Barcode Date last seen Price effective from Koha item type
    Dewey Decimal Classification     Colección General Biblioteca Pública Metropolitana Salomé Ureña Biblioteca Pública Metropolitana Salomé Ureña 11/28/2017   BPMSU27110483 11/28/2017 11/28/2017 Libros